00733nam a2200229 i 4500001000300000100002300003245005600026260006800082300003400150490002400184521002900208650003800237655001400275830002400289020001500313040000800328041000800336044000800344080001200352008004100364856009800405bg1 aPoślad, Mariusz.10aJak czytać prospekt emisyjny /cMariusz Poślad. aWarszawa :bKomisja Papierów Wartościowych i Giełd,c2005. a36 s. :bil. kolor. ;c21 cm.1 aPoradnik Inwestora.8 aDo celów edukacyjnych. 4aEmisja papierów wartościowych aPoradniki 0aPoradnik Inwestora. a838689721X cBPK0 apol aPOL a336.763100825s2005 pl |000 0 pol  uhttp://koha.tu.koszalin.pl/cgi-bin/koha/opac-detail.pl?biblionumber=49576yKatalog online BPK